Library Logo

Pioneer International University Library Catalogue

Dreams of peace (Record no. 6241)

MARC details
000 -LEADER
fixed length control field 01020cjm a22002653a 4500
001 - CONTROL NUMBER
control field 13258331
003 - CONTROL NUMBER IDENTIFIER
control field OSt
005 - DATE AND TIME OF LATEST TRANSACTION
control field 20250901165601.0
007 - PHYSICAL DESCRIPTION FIXED FIELD--GENERAL INFORMATION
fixed length control field sd fsngnnmmned
008 - FIXED-LENGTH DATA ELEMENTS--GENERAL INFORMATION
fixed length control field 030701s2002 cauuun eng
010 ## - LIBRARY OF CONGRESS CONTROL NUMBER
LC control number 2003589272
017 ## - COPYRIGHT OR LEGAL DEPOSIT NUMBER
Copyright or legal deposit number SR 314-347
Assigning agency U.S. Copyright Office
040 ## - CATALOGING SOURCE
Original cataloging agency DLC
Transcribing agency DLC
050 00 - LIBRARY OF CONGRESS CALL NUMBER
Classification number HX806 .S86 2002
245 00 - TITLE STATEMENT
Title Dreams of peace
Medium [sound recording] /
Statement of responsibility, etc. Rolf Jaeger.
260 ## - PUBLICATION, DISTRIBUTION, ETC.
Date of publication, distribution, etc. 2002.
300 ## - PHYSICAL DESCRIPTION
Extent 1 sound disc :
Other physical details digital ;
Dimensions 4 3/4 in.
500 ## - GENERAL NOTE
General note Copyright registration information: (c) (p) on music & recording; Rolf Jaeger, 1949-.
500 ## - GENERAL NOTE
General note Compact disc.
500 ## - GENERAL NOTE
General note Brief record.
505 0# - FORMATTED CONTENTS NOTE
Formatted contents note Soaring -- Swaying daisies -- Piano in the wind -- Misty meadow -- Snow on the beach -- Sunrise in the forest -- Day break -- Dance of the fairies -- Peace train -- Awaken, take 2 -- Hummingbird -- Rainbow -- Miracle -- Long way home.
906 ## - LOCAL DATA ELEMENT F, LDF (RLIN)
a 7
b cbc
c orignew
d 3
e ncip
f 20
g y-genmusic
942 ## - ADDED ENTRY ELEMENTS (KOHA)
Source of classification or shelving scheme Dewey Decimal Classification
Koha item type Books
Holdings
Withdrawn status Lost status Source of classification or shelving scheme Damaged status Not for loan Home library Current library Date acquired Total checkouts Full call number Barcode Date last seen Date last checked out Price effective from Koha item type
    Library of Congress Classification     Main Library Main Library 11/08/2023 1 HX806 .S86 2002 PIU0007394 11/16/2023 11/08/2023 11/08/2023 Books